000 00644nam a2200265Ia 4500
005 20260324153438.0
008 008 260324s9999 xx 000 0 eng d
020 _a9780323858823
037 _aEBOOK
040 _aCRL
040 _beng
040 _cCRL
041 _2eng
041 _aeng
084 _qCRL
100 _aChun-Qing Li
_91231422
245 0 _aTime-Dependent Reliability Theory and Its Applications
260 _bElsevier
260 _c2023
650 _aEngineering
856 _uhttps://www.sciencedirect.com/science/book/9780323858823
942 _cEBOOK
999 _c1842939
_d1842939